000 00709nam a22002177a 4500
999 _c672
_d672
003 AR-CdUCM
008 190225b ||||| |||| 00| 0 spa d
040 _aMUNICIPALIDAD PROVINCIAL DEL CUSCO
_cBIBLIOTECA MUNICIPAL DEL CUSCO
082 _a862.4 /
_bV39
100 _aVega, Lope de
_92605
245 _aComedias Americanas :
_bel nuevo mundo descubierto por Cristobal Colon /
_bel Brazil restituido /
260 _aBuenos Aires :
_bPoseidon,
_c1943.
300 _a254 páginas ;
_c18 cm.
440 _aColección Pandora.
_n14
_92606
650 _aComedia
_92607
650 _aLiteratura barroca
_92608
650 _aTeatro
_9173
650 _aLiteratura española
_9362
942 _2ddc
_cLIBROS
945 _azta